00311nam a2200133Ia 4500003000400000005001700004008004100021020002500062040002000087100001700107245003600124260000800160260000900168OSt20240220121926.0170524s9999 xx 000 0 und d a: ‎ 978-0873892582 cIIMT UNIVERSITY aLowenthal JN 0aRe-Engineering the Organization bTMH c1996